[Anngret Simms and Howard B. Clarke (eds.): Lords and Towns in Medieval Europe]

Titel: [Anngret Simms and Howard B. Clarke (eds.): Lords and Towns in Medieval Europe] / Brian Ayers
Verfasser:
In: Urban history, Band 44, Heft 1 (2017), Seite 157-159
alle Artikel anzeigen
Veröffentlicht: 2017
Format: Aufsatz
Sprache: Englisch
Schlagworte:
Kein Bild verfügbar
X
alg: 43464067
001A    $03025:07-08-18 
001B    $01999:18-11-25 $t22:02:21.000 
001C    $03025:07-08-18 $t07:44:39.000 
001D    $03025:07-08-18 
001U    $0utf8 
001X    $00 
002@    $0Oou 
002C    $aText $btxt $2rdacontent 
002D    $aComputermedien $bc $2rdamedia 
002E    $aOnline-Ressource $bcr $2rdacarrier 
003@    $0434640670 
004P    $010.1017/S0963926816000821 
007A    $0434640670 $aHEB 
010@    $aeng 
010E    $erda 
011@    $a2017 
013D    $#Newspapers Sections, columns, etc. Reviews $#Book reviewing $#Journaux Cahiers, chroniques, etc. Comptes rendus $#Livres Recension $#Rezension $#Rezension $#Buchbesprechung $#Buchrezension $#Buchkritik $74049712-4 $8Rezension [Ts1] $9085138568 
021A    $a[Anngret Simms and Howard B. Clarke (eds.): Lords and Towns in Medieval Europe] $hBrian Ayers 
028A    $BVerfasser $#Ayers, Brian S. $4aut $71169094538 $8Ayers, Brian [Tp3] $9437545660 
031A    $d44 $e1 $h157-159 $j2017 
039B    $aEnthalten in $8--Obvc--. Urban history. - Cambridge : Cambridge University Press, 1992-. - Online-Ressource. - ISSN 1469-8706 $x201700000440001843 $9079278078 
039T    $8--Aau--. Lords and towns in medieval Europe. - Farnham : Ashgate, [2015]. - xxii, 552 Seiten. - Illustrationen, Karten. - ISBN 978-0-7546-6354-6 $9367596377 

lok: 43464067 78

exp: 43464067 78 1 #EPN
201B/01 $007-08-18 $t07:44:39.000 
201C/01 $007-08-18 
201U/01 $0utf8 
203@/01 $01025642449 
208@/01 $a07-08-18 $be 
209A/01 $a/ $f000 $x00 
209A/01 $ab*p $x01 
220C/01 $apgar 
247C/01 $82080>Marburg/Lahn, Herder-Institut, Forschungsbibliothek, Bibliographieportal $9336309341
LEADER 00000caa a2200000 c 4500
001 434640670
003 DE-603
005 20251118220221.0
007 cr||||||||||||
008 180807s2017 xx |||| o| u00||u|eng c
024 7 |a 10.1017/S0963926816000821  |2 doi 
035 |a (DE-599)HEB434640670 
040 |a DE-603  |b ger  |c DE-603  |d DE-603  |e rda 
041 |a eng 
100 1 |a Ayers, Brian  |e Verfasser  |4 aut  |0 (DE-603)437545660  |0 (DE-588)1169094538  |2 gnd 
245 0 0 |a [Anngret Simms and Howard B. Clarke (eds.): Lords and Towns in Medieval Europe]  |c Brian Ayers 
264 0 |c 2017 
336 |a Text  |b txt  |2 rdacontent 
337 |a Computermedien  |b c  |2 rdamedia 
338 |a Online-Ressource  |b cr  |2 rdacarrier 
655 7 |a Rezension  |2 gnd-content  |0 (DE-588)4049712-4  |0 (DE-603)085138568 
773 0 8 |i Enthalten in  |t Urban history  |d Cambridge : Cambridge University Press, 1992-  |h Online-Ressource  |x 1469-8706  |g Band 44, Heft 1 (2017), Seite 157-159  |w (DE-603)079278078  |w (DE-600)1481895-4 
787 0 8 |i Rezension von  |t Lords and towns in medieval Europe  |d Farnham : Ashgate, [2015]  |h xxii, 552 Seiten, Illustrationen, Karten  |z 9780754663546  |w (DE-603)367596377 
924 1 |9 2080  |a (DE-603)1025642449  |b DE-2080  |c HES  |d d  |g /